000 01081nas a2200373 4500
001 BR0504370
003 BR-BrBNA
005 20231205105607.0
007 ta
008 230509b bl.|||p| |||| 00| 00por d
040 _aBR-BrBNA
_bpor
_cBiblioteca Nacional de Agricultura
041 _a(Pt)
072 _aF08; F04
100 1 _aJantalia, C.P.
100 1 _aSantos, H.P. dos
100 1 _aDenardin, J.E.
100 1 _aKochhann, R.
100 1 _aAlves, J.R.
100 1 _aUrquiaga, S.
100 1 _aBoddey, R.M.
245 1 _aInfluência de rotações de culturas no estoque de carbono e nitrogênio do solo sob plantio direto e preparo convencional
650 _aSOJA
650 _aTRIGO
650 _aERVILHAÇA
650 _aCARBONO
650 _aNITROGÊNIO
650 _aPLANTIO DIRETO
650 _aROTAÇÃO DE CULTURA
650 _aADUBO VERDE
650 _aRIO GRANDE DO SUL
773 0 _tAgronomia (Brazil)
_xISSN 0365-2718
_g(Aug-Dec 2003), v. 37(2) p. 91-97
_wBR0504370
909 _a202311
_bLúcia
_c55
_dLúcia Elande
942 _2AGRIS
_n0
_cANA
999 _c183702
_d183702